Geographie nach Buchstabe - R - Statistiken

Allgemein
  • Dieses Quiz wurde 10.163 mal gespielt
  • Das Durchschnittsergebnis liegt bei 14 aus 20
Antwortstatistiken
Hinweis Antwort % Korrekt
Das größte Land nach Fläche Russland
100%
Islamischer Monat des Fastens Ramadan
95%
Fluss, der durch Basel und Düsseldorf fließt Rhein
93%
Hauptstadt Lettlands Riga
93%
Transsilvanien ist eine Region dieses Landes Rumänien
88%
Größter Hafen der Niederlande Rotterdam
87%
Die Währung des obengenannten Landes Rubel
87%
Irische Billigfluggesellschaft Ryanair
83%
Hauptstadt von Saudi-Arabien Riad
79%
Die ewige Stadt Rom
78%
Musikgenre aus Jamaika Reggae
75%
Berg mit vier eingemeißelten Präsidentenköpfen Rushmore
74%
Der kleinste US-Staat Rhode Island
71%
Währung Indiens Rupie
65%
Stadt des Ipanema-Strandes und des Corcovado Rio de Janeiro
61%
Jamaikanische Religion bekannt für ihren Tabakkonsum Rastafarianismus
46%
Fluss, welcher von Cäsar überquert wurde Rubikon
30%
Große Wasserspeicherungsanlage Reservoir
24%
Hauptstadt der Konföderierten Staaten von Amerika Richmond
23%
Stadt in der Nähe von Durham und Chapel Hill Raleigh
12%
Keine übereinstimmenden Quizze gefunden
Verteilung der Resultate
Anzahl Personen mit jedem Resultat
Perzentil nach korrekt beantworteten Fragen
Ihre Resultats-Entwicklung
Sie haben dieses Quiz noch nicht gespielt